Capitales des communautés autonomes d'Espagne - Mort Subite - Statistiques

Statistiques générales
  • Ce quiz a été pris 110 fois
  • Le résultat moyen est 8 sur 17
Answers on the Grid
Answers color-coded by a green-red scale on the quiz's grid according to % correct below.
Seville
Saragosse
Oviedo
Palma de Majorque
Las Palmas
Santander
Valladolid
Tolède
Barcelone
Mérida
Saint-Jacques-de-Compostelle
Madrid
Murcia
Pampelune
Logroño
Valence
Vitoria-Gasteiz
Almeria
Salamanque
Albacete
Gérone
Tarragone
Badajoz
Alicante
Cuenca
Zamora
Teruel
Malaga
 
Statistiques - réponses
Réponse % Correct
Barcelone
74%
Madrid
74%
Seville
68%
Valence
68%
Murcia
57%
Saragosse
51%
Las Palmas
50%
Palma de Majorque
50%
Pampelune
42%
Saint-Jacques-de-Compostelle
41%
Valladolid
41%
Santander
36%
Tolède
36%
Oviedo
34%
Mérida
30%
Vitoria-Gasteiz
29%
Logroño
26%
Aucun quiz correspondant
Distribution des résultats
% des personnes avec chaque résultat
Percentile par nombre de réponses
Votre historique - résultats
Vous n’avez pas pris ce quiz